[Event "Titled Tuesday intern op 16th Jan Late"]
[Site "Chess.com INT"]
[Date "2024.01.16"]
[Round "2"]
[White "Gulamirian, Korun"]
[Black "Bochnicka, Vladimir1"]
[Result "0-1"]
[WhiteElo "1816"]
[BlackElo "2398"]
[PlyCount "130"]
[EventDate "2024.01.16"]
[EventType "swiss (blitz)"]
[EventRounds "11"]
[EventCountry "USA"]
[SourceTitle "CB04_2024"]
[SourceDate "2023.10.16"]
[SourceVersion "1"]
[SourceVersionDate "2023.10.16"]
[SourceQuality "1"]

1. e4 c5 2. Nf3 Nc6 3. d4 cxd4 4. Nxd4 e5 5. Nb5 d6 6. N1c3 Be7 7. Nd5 Kf8 8. Nxe7 Kxe7 9. Bc4 Nf6 10. Nc3 Be6 11. Nd5+ Bxd5 12. Bxd5 Re8 13. 0-0 Kf8 14. f4 exf4 15. Bxf4 Ne5 16. Kh1 Qb6 17. b3 Kg8 18. c4 Neg4 19. Bg3 Ne3 20. Bf2 Nxd1 21. Bxb6 axb6 22. Raxd1 Rxa2 23. Bxb7 Re6 24. Bd5 Re7 25. Kg1 h6 26. b4 Rb2 27. b5 Kf8 28. Ra1 Nxd5 29. exd5 g6 30. Ra8+ Kg7 31. Ra3 Ree2 32. Rg3 Rbc2 33. h4 Rxc4 34. Rgf3 f5 35. g4 Rxg4+ 36. Kh1 Rxh4+ 37. Kg1 Rhh2 38. Rg3 Kf6 39. Rf4 g5 40. Rf1 f4 41. Rg4 Kf5 42. Rg3 Ke5 43. Rg4 Kf5 44. Rg3 h5 45. Rff3 Kg6 46. Rh3 Rhg2+ 47. Kf1 g4 48. Rxf4 Ref2+ 49. Rxf2 Rxf2+ 50. Kxf2 gxh3 51. Kg3 Kf5 52. Kxh3 Ke5 53. Kh4 Kxd5 54. Kxh5 Kc4 55. Kg5 d5 56. Kf4 d4 57. Kf3 d3 58. Kf2 Kc3 59. Ke1 Kc2 60. Kf2 d2 61. Ke3 d1Q 62. Ke4 Qb1 63. Ke5 Qxb5+ 64. Kd6 Qc5+ 65. Kd7 b5 0-1

[Event "Titled Tuesday intern op 16th Jan Late"]
[Site "Chess.com INT"]
[Date "2024.01.16"]
[Round "5"]
[White "Gulamirian, Korun"]
[Black "Zhukov, Maksim"]
[Result "0-1"]
[WhiteElo "1816"]
[BlackElo "1835"]
[PlyCount "46"]
[EventDate "2024.01.16"]
[EventType "swiss (blitz)"]
[EventRounds "11"]
[EventCountry "USA"]
[SourceTitle "CB04_2024"]
[SourceDate "2023.10.16"]
[SourceVersion "1"]
[SourceVersionDate "2023.10.16"]
[SourceQuality "1"]

1. e4 c5 2. Nf3 e6 3. c4 Nc6 4. Nc3 Nf6 5. d3 a6 6. a4 Qc7 7. Be2 Be7 8. 0-0 0-0 9. g3 d6 10. Bf4 e5 11. Be3 Nd4 12. Nd5 Nxd5 13. exd5 Nxe2+ 14. Qxe2 Bg4 15. Kg2 Qd7 16. Rh1 Bh3+ 17. Kg1 Qg4 18. Re1 f5 19. Nd2 Qxe2 20. Rxe2 f4 21. gxf4 exf4 22. Bxf4 Rxf4 23. Rxe7 Rg4# 0-1

[Event "Titled Tuesday intern op 19th Dec Early"]
[Site "Chess.com INT"]
[Date "2023.12.19"]
[Round "4"]
[White "Gulamirian, Korun"]
[Black "Caruana, Fabiano"]
[Result "0-1"]
[WhiteElo "1816"]
[BlackElo "2794"]
[PlyCount "70"]
[EventDate "2023.12.19"]
[EventType "swiss (blitz)"]
[EventRounds "11"]
[EventCountry "USA"]
[SourceTitle "CB52_2023"]
[SourceDate "2023.12.27"]
[SourceVersion "1"]
[SourceVersionDate "2023.12.27"]
[SourceQuality "1"]

1. e4 h6 2. d4 d6 3. c4 Nf6 4. Nc3 e5 5. dxe5 dxe5 6. Qxd8+ Kxd8 7. Nf3 Nc6 8. Be2 Bb4 9. 0-0 Bxc3 10. bxc3 Nxe4 11. Rd1+ Ke8 12. Bb2 Be6 13. c5 Nxc5 14. c4 f6 15. Ba3 Na4 16. Rac1 Nb6 17. Nd2 Kf7 18. Nb3 Rad8 19. h3 Rxd1+ 20. Rxd1 Rd8 21. Rxd8 Nxd8 22. Nc5 Bxc4 23. Bh5+ g6 24. Bf3 Bd5 25. Bxd5+ Nxd5 26. f3 b6 27. Nd3 c5 28. Nb2 Nc6 29. Nc4 Ke6 30. Kf2 b5 31. Nd2 c4 32. Ke2 Nd4+ 33. Kd1 Nc3+ 34. Kc1 Nxa2+ 35. Kb2 c3+ 0-1

[Event "Titled Tuesday intern op 19th Dec Early"]
[Site "Chess.com INT"]
[Date "2023.12.19"]
[Round "1"]
[White "Hirneise, Jens"]
[Black "Gulamirian, Korun"]
[Result "1-0"]
[WhiteElo "2270"]
[BlackElo "1816"]
[PlyCount "57"]
[EventDate "2023.12.19"]
[EventType "swiss (blitz)"]
[EventRounds "11"]
[EventCountry "USA"]
[SourceTitle "CB52_2023"]
[SourceDate "2023.12.27"]
[SourceVersion "1"]
[SourceVersionDate "2023.12.27"]
[SourceQuality "1"]

1. d4 Nf6 2. c4 e6 3. Nf3 d5 4. g3 Bb4+ 5. Bd2 Bxd2+ 6. Nbxd2 0-0 7. Bg2 c6 8. 0-0 Nbd7 9. Rc1 Re8 10. Qc2 e5 11. dxe5 Nxe5 12. Nxe5 Rxe5 13. Nf3 Re8 14. Rfd1 Bg4 15. cxd5 cxd5 16. Qd3 Qe7 17. e3 Rac8 18. h3 Bxf3 19. Bxf3 Rxc1 20. Rxc1 Qe6 21. Kg2 Ne4 22. h4 g6 23. Qd4 Nf6 24. Qxa7 Re7 25. Qd4 h5 26. a4 Rd7 27. b4 Ne4 28. Rc8+ Kh7 29. Rh8# 1-0

[Event "Titled Tuesday intern op 19th Dec Early"]
[Site "Chess.com INT"]
[Date "2023.12.19"]
[Round "7"]
[White "Vila Dupla, Aurelio"]
[Black "Gulamirian, Korun"]
[Result "1-0"]
[WhiteElo "2030"]
[BlackElo "1816"]
[PlyCount "61"]
[EventDate "2023.12.19"]
[EventType "swiss (blitz)"]
[EventRounds "11"]
[EventCountry "USA"]
[SourceTitle "CB52_2023"]
[SourceDate "2023.12.27"]
[SourceVersion "1"]
[SourceVersionDate "2023.12.27"]
[SourceQuality "1"]

1. Nf3 Nf6 2. d4 d5 3. c4 g6 4. cxd5 Nxd5 5. e4 Nb6 6. h3 Bg7 7. Be2 0-0 8. 0-0 Nc6 9. Be3 e5 10. d5 Ne7 11. a4 Nd7 12. Nc3 f5 13. Ng5 f4 14. Ne6 Qe8 15. Nxc7 Qd8 16. Ne6 Qe8 17. Bd2 Qd8 18. Nxd8 Rxd8 19. Bg4 Nf6 20. Bxc8 Rdxc8 21. Nb5 Rd8 22. Nc7 Rac8 23. Ne6 Rd7 24. f3 Rd6 25. a5 a6 26. Qb3 Rb8 27. Bb4 Rd7 28. Rac1 b6 29. Bxe7 Rxe7 30. axb6 Reb7 31. Rc6 1-0

[Event "Titled Tuesday intern op 24th Oct Late"]
[Site "Chess.com INT"]
[Date "2023.10.24"]
[Round "11"]
[White "Gulamirian, Korun"]
[Black "Gazineu Neto, Rubens"]
[Result "0-1"]
[WhiteElo "1816"]
[BlackElo "1912"]
[PlyCount "84"]
[EventDate "2023.10.24"]
[EventType "swiss (blitz)"]
[EventRounds "11"]
[EventCountry "USA"]
[SourceTitle "Mega2024 Update 01"]
[Source "Chessbase"]
[SourceDate "2023.11.12"]
[SourceVersion "1"]
[SourceVersionDate "2023.11.12"]
[SourceQuality "1"]

1. e4 c5 2. Nf3 Nc6 3. d4 cxd4 4. Nxd4 Nf6 5. Nc3 e5 6. Ndb5 d6 7. Bg5 a6 8. Na3 b5 9. Nd5 Be7 10. Bxf6 Bxf6 11. c3 0-0 12. Nc2 Bg5 13. f3 Be6 14. Nce3 Bxe3 15. Nxe3 Ne7 16. Be2 f5 17. 0-0 Qb6 18. Qd3 f4 19. Rad1 Bc4 20. Qd2 fxe3 21. Qxd6 Qxd6 22. Bxc4+ bxc4 23. Rxd6 Rfd8 24. Rfd1 Rxd6 25. Rxd6 Rb8 26. Rxa6 Rxb2 27. Kf1 Rf2+ 28. Kg1 Rc2 29. Kf1 Rxc3 30. Ke2 Kf7 31. a4 h5 32. h4 Rc2+ 33. Kxe3 Rxg2 34. a5 Ra2 35. Ra7 Kf6 36. Rc7 Rxa5 37. Rxc4 Ng6 38. Rc6+ Kf7 39. Rc7+ Kg8 40. Rc8+ Kh7 41. Rc3 Nf4 42. Rb3 Ra2 0-1

[Event "Titled Tuesday intern op 26th Sep Late"]
[Site "Chess.com INT"]
[Date "2023.09.26"]
[Round "5"]
[White "Blanco Diez, David"]
[Black "Gulamirian, Korun"]
[Result "1-0"]
[WhiteElo "2298"]
[BlackElo "1816"]
[PlyCount "63"]
[EventDate "2023.09.26"]
[EventType "swiss (blitz)"]
[EventRounds "11"]
[EventCountry "USA"]
[SourceTitle "EXT 2024"]
[Source "ChessBase"]
[SourceDate "2023.10.10"]
[SourceVersion "1"]
[SourceVersionDate "2023.10.10"]
[SourceQuality "1"]

1. Nf3 Nf6 2. b3 g6 3. Bb2 Bg7 4. g3 0-0 5. Bg2 c6 6. c4 e6 7. 0-0 d5 8. d4 Nbd7 9. Nc3 Re8 10. e3 Nf8 11. Qe2 Rb8 12. Rfe1 a6 13. Rad1 b5 14. c5 b4 15. Na4 a5 16. Nb6 Rxb6 17. cxb6 Qxb6 18. Rc1 Ba6 19. Qc2 Rc8 20. Ne5 Ne4 21. Bxe4 dxe4 22. Qxe4 Bb7 23. Qf4 f6 24. Nc4 Qd8 25. Qd6 Qc7 26. Qxc7 Rxc7 27. Nxa5 Ba8 28. a4 Nd7 29. Rc2 Nb6 30. Rec1 Nd5 31. Nxc6 Nc3 32. Nxb4 1-0

[Event "Titled Tuesday intern op 26th Sep Early"]
[Site "Chess.com INT"]
[Date "2023.09.26"]
[Round "8"]
[White "Campos, Maria Jose"]
[Black "Gulamirian, Korun"]
[Result "1-0"]
[WhiteElo "2206"]
[BlackElo "1816"]
[PlyCount "103"]
[EventDate "2023.09.26"]
[EventType "swiss (blitz)"]
[EventRounds "11"]
[EventCountry "USA"]
[SourceTitle "EXT 2024"]
[Source "ChessBase"]
[SourceDate "2023.10.10"]
[SourceVersion "1"]
[SourceVersionDate "2023.10.10"]
[SourceQuality "1"]

1. Nf3 Nf6 2. g3 g6 3. Bg2 Bg7 4. 0-0 0-0 5. d3 c6 6. Nbd2 d5 7. Re1 Nbd7 8. e4 dxe4 9. dxe4 e5 10. Nc4 Qc7 11. c3 b5 12. Ncd2 Nc5 13. Qc2 Rd8 14. Nf1 a5 15. Bg5 h6 16. Bxf6 Bxf6 17. Rad1 Be6 18. Ne3 Bxa2 19. Rxd8+ Rxd8 20. b4 Bb3 21. Qb1 axb4 22. cxb4 Nd3 23. Qxb3 Nxe1 24. Nxe1 Qd6 25. Bf1 Qd4 26. Ng4 Bg7 27. Bg2 h5 28. Ne3 Bf8 29. N1c2 Qd2 30. Bf3 Rd3 31. Qb1 Qc3 32. Kg2 Rd2 33. Qa2 Kg7 34. h3 f6 35. g4 h4 36. g5 Be7 37. gxf6+ Bxf6 38. Qa7+ Kh6 39. Ne1 Qd4 40. Qf7 Qxe3 41. Nd3 Qg5+ 42. Bg4 Rxd3 43. Qe8 Bg7 44. Qxc6 Rd2 45. Kg1 Qf4 46. Qb6 Bf8 47. Bf5 Qg5+ 48. Bg4 Bxb4 49. Qxb5 Rb2 50. Qe8 Rb1+ 51. Kg2 Ba3 52. Qh8# 1-0

[Event "Titled Tuesday intern op 26th Sep Early"]
[Site "Chess.com INT"]
[Date "2023.09.26"]
[Round "7"]
[White "Gulamirian, Korun"]
[Black "Amanov, Zhanibek"]
[Result "1-0"]
[WhiteElo "1816"]
[BlackElo "2283"]
[PlyCount "61"]
[EventDate "2023.09.26"]
[EventType "swiss (blitz)"]
[EventRounds "11"]
[EventCountry "USA"]
[SourceTitle "EXT 2024"]
[Source "ChessBase"]
[SourceDate "2023.10.10"]
[SourceVersion "1"]
[SourceVersionDate "2023.10.10"]
[SourceQuality "1"]

1. e4 c5 2. Nf3 e6 3. c4 Nc6 4. Nc3 Nd4 5. Be2 d6 6. 0-0 Nf6 7. d3 Be7 8. a3 d5 9. e5 Ng4 10. Nxd4 cxd4 11. Nb5 Nxe5 12. Nxd4 dxc4 13. dxc4 0-0 14. Bf4 Bf6 15. Rb1 Bd7 16. Nb5 Bxb5 17. cxb5 Qxd1 18. Rfxd1 Rfd8 19. Rxd8+ Rxd8 20. h3 Rc8 21. Be3 b6 22. b3 Kf8 23. f4 Nd7 24. a4 Nc5 25. g4 Ne4 26. Rc1 Rxc1+ 27. Bxc1 Bd4+ 28. Kg2 Nc3 29. Bf3 Ke7 30. f5 Nd5 31. Bg5+ 1-0

[Event "Titled Tuesday intern op 26th Sep Late"]
[Site "Chess.com INT"]
[Date "2023.09.26"]
[Round "7"]
[White "Gulamirian, Korun"]
[Black "Harish, Neeraj"]
[Result "0-1"]
[WhiteElo "1816"]
[BlackElo "2042"]
[PlyCount "88"]
[EventDate "2023.09.26"]
[EventType "swiss (blitz)"]
[EventRounds "11"]
[EventCountry "USA"]
[SourceTitle "EXT 2024"]
[Source "ChessBase"]
[SourceDate "2023.10.10"]
[SourceVersion "1"]
[SourceVersionDate "2023.10.10"]
[SourceQuality "1"]

1. e4 c5 2. Nf3 Nc6 3. d4 cxd4 4. Nxd4 Nf6 5. Nc3 e5 6. Ndb5 d6 7. Bg5 a6 8. Na3 b5 9. Bxf6 gxf6 10. Nd5 f5 11. c4 fxe4 12. cxb5 Nd4 13. b6 Be6 14. Nc7+ Kd7 15. Qa4+ Ke7 16. Nxa8 Qxa8 17. Qxa6 Qc6 18. b7 Qxa6 19. Bxa6 Bh6 20. 0-0 Rb8 21. b3 Bd5 22. Nc4 Bxb7 23. Bxb7 Rxb7 24. Rae1 f5 25. Rb1 Ke6 26. b4 d5 27. Na5 Rb8 28. a4 Ne2+ 29. Kh1 Nc3 30. Nc6 Rc8 31. b5 Nxb1 32. Rxb1 Kd6 33. a5 e3 34. fxe3 Bxe3 35. g3 d4 36. Kg2 e4 37. Rd1 d3 38. a6 Bb6 39. Kf1 f4 40. gxf4 Rf8 41. Ke1 Rxf4 42. Kd2 Rf8 43. a7 Ra8 44. Ra1 Bc5 0-1

[Event "Titled Tuesday intern op 26th Sep Early"]
[Site "Chess.com INT"]
[Date "2023.09.26"]
[Round "11"]
[White "Gulamirian, Korun"]
[Black "Lopez Gracia, Fernando"]
[Result "0-1"]
[WhiteElo "1816"]
[BlackElo "2252"]
[PlyCount "46"]
[EventDate "2023.09.26"]
[EventType "swiss (blitz)"]
[EventRounds "11"]
[EventCountry "USA"]
[SourceTitle "EXT 2024"]
[Source "ChessBase"]
[SourceDate "2023.10.10"]
[SourceVersion "1"]
[SourceVersionDate "2023.10.10"]
[SourceQuality "1"]

1. e4 e5 2. Nf3 Nc6 3. Bc4 Nf6 4. Ng5 d5 5. exd5 Na5 6. Bb5+ c6 7. dxc6 bxc6 8. Qf3 cxb5 9. Qxa8 Qc7 10. Qf3 Nc6 11. c3 Bg4 12. Qg3 Nd4 13. Qd3 Bf5 14. Qg3 Nc2+ 15. Kd1 Nxa1 16. d3 Bc5 17. Re1 0-0 18. Qxe5 Qd7 19. Qxc5 Qxd3+ 20. Nd2 Qc2+ 21. Ke2 Re8+ 22. Kf1 Bd3+ 23. Re2 Qd1# 0-1

[Event "Titled Tuesday intern op 19th Sep Early"]
[Site "Chess.com INT"]
[Date "2023.09.19"]
[Round "6"]
[White "Gulamirian, Korun"]
[Black "Fernandez, Maria Florencia"]
[Result "0-1"]
[WhiteElo "1816"]
[BlackElo "2099"]
[PlyCount "48"]
[EventDate "2023.09.19"]
[EventType "swiss (blitz)"]
[EventRounds "11"]
[EventCountry "USA"]
[SourceTitle "EXT 2024"]
[Source "ChessBase"]
[SourceDate "2023.10.10"]
[SourceVersion "1"]
[SourceVersionDate "2023.10.10"]
[SourceQuality "1"]

1. e4 c5 2. Nf3 d6 3. d4 cxd4 4. Nxd4 Nf6 5. Nc3 g6 6. Be3 Bg7 7. f3 0-0 8. Qd2 Nc6 9. 0-0-0 d5 10. Bh6 Bxh6 11. Qxh6 Nxd4 12. Rxd4 e5 13. Rxd5 Nxd5 14. Nxd5 Be6 15. Bc4 Rc8 16. Bb3 Bxd5 17. Bxd5 Qc7 18. c3 b5 19. a3 a5 20. h4 b4 21. c4 Qb6 22. a4 b3 23. h5 Qf2 24. hxg6 Qc2# 0-1

[Event "Titled Tuesday intern op 19th Sep Early"]
[Site "Chess.com INT"]
[Date "2023.09.19"]
[Round "7"]
[White "Gulamirian, Korun"]
[Black "Vincenti, Leonardo"]
[Result "0-1"]
[WhiteElo "1816"]
[BlackElo "2238"]
[PlyCount "36"]
[EventDate "2023.09.19"]
[EventType "swiss (blitz)"]
[EventRounds "11"]
[EventCountry "USA"]
[SourceTitle "EXT 2024"]
[Source "ChessBase"]
[SourceDate "2023.10.10"]
[SourceVersion "1"]
[SourceVersionDate "2023.10.10"]
[SourceQuality "1"]

1. e4 c6 2. Nc3 d5 3. Nf3 dxe4 4. Nxe4 Nf6 5. Ng3 h5 6. h4 Bg4 7. Be2 Nbd7 8. d3 e5 9. Bg5 Be7 10. Qd2 Qb6 11. 0-0-0 Qxf2 12. Ne4 Nxe4 13. dxe4 Bxg5 14. Nxg5 Qxe2 15. Qd6 Qe3+ 16. Kb1 Qc5 17. Qc7 Bxd1 18. Rxd1 Rd8 0-1

[Event "Titled Tuesday intern op 19th Sep Early"]
[Site "Chess.com INT"]
[Date "2023.09.19"]
[Round "8"]
[White "Marchesich, Giovanni"]
[Black "Gulamirian, Korun"]
[Result "1-0"]
[WhiteElo "2206"]
[BlackElo "1816"]
[PlyCount "53"]
[EventDate "2023.09.19"]
[EventType "swiss (blitz)"]
[EventRounds "11"]
[EventCountry "USA"]
[SourceTitle "EXT 2024"]
[Source "ChessBase"]
[SourceDate "2023.10.10"]
[SourceVersion "1"]
[SourceVersionDate "2023.10.10"]
[SourceQuality "1"]

1. e4 e5 2. Nc3 Nc6 3. Nf3 Nf6 4. h3 Bc5 5. Nxe5 Nxe5 6. d4 Bd6 7. dxe5 Bxe5 8. Bd3 0-0 9. 0-0 c6 10. Bg5 h6 11. Bh4 Qc7 12. Ne2 Nh7 13. f4 Bd6 14. e5 Bc5+ 15. Kh1 d5 16. Bg3 Qb6 17. f5 Ng5 18. f6 g6 19. Qd2 Kh7 20. Bf4 Nxh3 21. gxh3 Bxh3 22. Bxh6 Rh8 23. Bg7 Be3 24. Qe1 Bxf1 25. Qh4+ Bh6 26. Qxh6+ Kg8 27. Qxh8# 1-0

[Event "Titled Tuesday intern op 19th Sep Early"]
[Site "Chess.com INT"]
[Date "2023.09.19"]
[Round "1"]
[White "Mendes Domingues, Ribeiro Matheus"]
[Black "Gulamirian, Korun"]
[Result "1-0"]
[WhiteElo "2115"]
[BlackElo "1816"]
[PlyCount "87"]
[EventDate "2023.09.19"]
[EventType "swiss (blitz)"]
[EventRounds "11"]
[EventCountry "USA"]
[SourceTitle "EXT 2024"]
[Source "ChessBase"]
[SourceDate "2023.10.10"]
[SourceVersion "1"]
[SourceVersionDate "2023.10.10"]
[SourceQuality "1"]

1. c4 Nf6 2. Nc3 g6 3. g3 Bg7 4. Bg2 c6 5. e4 d6 6. d4 0-0 7. Nge2 Nbd7 8. 0-0 Re8 9. h3 Nb6 10. b3 c5 11. dxc5 dxc5 12. Be3 e5 13. Bxc5 Nbd7 14. Be3 Rb8 15. Bxa7 Ra8 16. Be3 b6 17. Nd5 Nc5 18. Nxb6 Qxb6 19. Qc2 Qc7 20. Rfd1 Bb7 21. Nc3 Ne6 22. Nd5 Qb8 23. a4 Nd7 24. b4 Nd4 25. Bxd4 exd4 26. Rab1 Qa7 27. Nc7 Bxe4 28. Bxe4 Qxc7 29. Bxa8 Rxa8 30. c5 Ne5 31. Qe4 Re8 32. Re1 f5 33. Qd5+ Kf8 34. f4 Nd3 35. Rxe8+ Kxe8 36. b5 Qxc5 37. Qxc5 Nxc5 38. b6 d3 39. b7 Nd7 40. b8Q+ Nxb8 41. Rxb8+ Kd7 42. Kf2 Bc3 43. Ke3 d2 44. Rb1 1-0

[Event "Titled Tuesday intern op 12th Sep Early"]
[Site "Chess.com INT"]
[Date "2023.09.12"]
[Round "5"]
[White "Gulamirian, Korun"]
[Black "Andrews, Todd D"]
[Result "1-0"]
[WhiteElo "1816"]
[BlackElo "2149"]
[PlyCount "65"]
[EventDate "2023.09.12"]
[EventType "swiss (blitz)"]
[EventRounds "11"]
[EventCountry "USA"]
[SourceTitle "EXT 2024"]
[Source "ChessBase"]
[SourceDate "2023.10.10"]
[SourceVersion "1"]
[SourceVersionDate "2023.10.10"]
[SourceQuality "1"]

1. e4 c5 2. Nf3 d6 3. d4 cxd4 4. Nxd4 Nf6 5. Nc3 a6 6. Be3 e5 7. Nb3 Be6 8. f3 Be7 9. Qd2 Nbd7 10. 0-0-0 Qc7 11. g4 b5 12. a3 Nb6 13. h4 0-0 14. h5 Nc4 15. Qf2 Nxe3 16. Qxe3 Rfc8 17. Kb1 d5 18. exd5 Bd7 19. d6 Bxd6 20. g5 Ne8 21. Bd3 Be6 22. g6 fxg6 23. hxg6 h6 24. f4 Nf6 25. f5 Bxb3 26. cxb3 b4 27. Ne4 Be7 28. Bc4+ Kf8 29. Rxh6 gxh6 30. Qxh6+ Ke8 31. Qh8+ Bf8 32. Nxf6+ Ke7 33. Nd5+ 1-0

[Event "Titled Tuesday intern op 12th Sep Early"]
[Site "Chess.com INT"]
[Date "2023.09.12"]
[Round "2"]
[White "Gulamirian, Korun"]
[Black "Hrebenshchykova, Yelyzaveta"]
[Result "1-0"]
[WhiteElo "1816"]
[BlackElo "2324"]
[PlyCount "103"]
[EventDate "2023.09.12"]
[EventType "swiss (blitz)"]
[EventRounds "11"]
[EventCountry "USA"]
[SourceTitle "EXT 2024"]
[Source "ChessBase"]
[SourceDate "2023.10.10"]
[SourceVersion "1"]
[SourceVersionDate "2023.10.10"]
[SourceQuality "1"]

1. e4 c5 2. Nf3 e6 3. d4 cxd4 4. Nxd4 Nc6 5. Nc3 d6 6. Be3 Nf6 7. f3 h5 8. Be2 a6 9. a4 Be7 10. Qd2 Qc7 11. 0-0-0 Bd7 12. f4 Nxd4 13. Qxd4 e5 14. fxe5 dxe5 15. Qb6 Qxb6 16. Bxb6 Rc8 17. Nd5 Bxa4 18. Bd3 Nxd5 19. exd5 Bd6 20. Kb1 Bd7 21. h3 g6 22. Rhf1 Ke7 23. Be3 f5 24. Bg5+ Kf7 25. g4 hxg4 26. hxg4 Rhg8 27. gxf5 gxf5 28. Bxf5 Bxf5 29. Rxf5+ Kg6 30. Rf6+ Kxg5 31. Rxd6 Kf4 32. c3 Rg2 33. Re6 Rf8 34. Rf1+ Ke4 35. Rxf8 Kxd5 36. Rfe8 Re2 37. Rb6 e4 38. Rxb7 e3 39. Rd7+ Kc4 40. Rde7 Kd3 41. Rd7+ Kc4 42. Rc7+ Kd3 43. Rce7 Re1+ 44. Ka2 Kd2 45. Rxe3 Rxe3 46. Rxe3 Kxe3 47. Kb3 Ke4 48. Kb4 Kd5 49. Ka5 Kc4 50. Kxa6 Kb3 51. Ka5 Kxb2 52. c4 1-0

[Event "Titled Tuesday intern op 05th Sep Early"]
[Site "Chess.com INT"]
[Date "2023.09.05"]
[Round "7"]
[White "Guzman Lozano, Campo Elias"]
[Black "Gulamirian, Korun"]
[Result "1-0"]
[WhiteElo "1837"]
[BlackElo "1816"]
[PlyCount "109"]
[EventDate "2023.09.05"]
[EventType "swiss (blitz)"]
[EventRounds "11"]
[EventCountry "USA"]
[SourceTitle "EXT 2024"]
[Source "ChessBase"]
[SourceDate "2023.10.10"]
[SourceVersion "1"]
[SourceVersionDate "2023.10.10"]
[SourceQuality "1"]

1. d4 Nf6 2. Bg5 d5 3. Nd2 c6 4. e3 e6 5. Bd3 Bd6 6. f4 Nbd7 7. Qf3 Qb6 8. Rb1 c5 9. c3 a5 10. Nh3 a4 11. 0-0 c4 12. Bc2 Be7 13. Kh1 Qd6 14. Bh4 h6 15. Bg3 Qc6 16. Nf2 b5 17. e4 b4 18. e5 Ng8 19. f5 Bb7 20. fxe6 fxe6 21. Ng4 0-0-0 22. Qf7 g5 23. Qg7 h5 24. Qxh8 Ngf6 25. Qxd8+ Bxd8 26. Nxf6 Qc7 27. Bxa4 Nf8 28. Nxh5 Ng6 29. Nf6 Qg7 30. Bd7+ Kb8 31. Bxe6 Bc8 32. Bxd5 Nf4 33. Bxf4 gxf4 34. Rxf4 Bb7 35. Bxb7 Kxb7 36. Nxc4 bxc3 37. bxc3+ Kc6 38. Nd6 Qg5 39. Rf3 Qg6 40. Rbf1 Bxf6 41. Rxf6 Qc2 42. Ne4+ Kd5 43. R6f4 Qxa2 44. Nf6+ Kc4 45. e6 Qa7 46. d5+ Kxc3 47. d6 Qc5 48. e7 Qxd6 49. e8Q Qd3 50. Qc8+ Kb3 51. Qb7+ Kc2 52. Qb1+ Kc3 53. Rc1+ Kd2 54. Qb2+ Ke3 55. Rf3# 1-0

[Event "Titled Tuesday intern op 05th Sep Early"]
[Site "Chess.com INT"]
[Date "2023.09.05"]
[Round "11"]
[White "Simonovic, Miroslav"]
[Black "Gulamirian, Korun"]
[Result "1-0"]
[WhiteElo "2072"]
[BlackElo "1816"]
[PlyCount "87"]
[EventDate "2023.09.05"]
[EventType "swiss (blitz)"]
[EventRounds "11"]
[EventCountry "USA"]
[SourceTitle "EXT 2024"]
[Source "ChessBase"]
[SourceDate "2023.10.10"]
[SourceVersion "1"]
[SourceVersionDate "2023.10.10"]
[SourceQuality "1"]

1. d4 Nf6 2. Bg5 d5 3. Bxf6 exf6 4. c4 Bb4+ 5. Nc3 c6 6. cxd5 Qxd5 7. e3 0-0 8. Nge2 Qa5 9. a3 Bd6 10. b4 Qc7 11. g3 Bg4 12. Bg2 Nd7 13. Rc1 Nb6 14. 0-0 Rad8 15. Nb5 Qd7 16. Nxd6 Qxd6 17. Qc2 Qd7 18. Rfd1 Nd5 19. Rd2 Rfe8 20. Nc3 Nb6 21. Na4 h5 22. Nc5 Qc8 23. e4 h4 24. f3 h3 25. Bh1 Bh5 26. Rcd1 Bg6 27. f4 Nd5 28. Qb3 Nc7 29. Re1 b6 30. Na4 f5 31. e5 Ne6 32. Qc3 c5 33. bxc5 bxc5 34. d5 Nd4 35. Qxc5 Nb3 36. Qxc8 Rxc8 37. Rd3 Nc5 38. Nxc5 Rxc5 39. d6 Rd8 40. Red1 f6 41. e6 Ra5 42. Bc6 Be8 43. d7 Bxd7 44. Bxd7 1-0

[Event "Titled Tuesday intern op 29th Aug Early"]
[Site "Chess.com INT"]
[Date "2023.08.29"]
[Round "1"]
[White "Gulamirian, Korun"]
[Black "Panesso Rivera, Henry"]
[Result "0-1"]
[WhiteElo "1816"]
[BlackElo "2358"]
[PlyCount "102"]
[EventDate "2023.08.29"]
[EventType "swiss (blitz)"]
[EventRounds "11"]
[EventCountry "USA"]
[SourceTitle "EXT 2024"]
[Source "ChessBase"]
[SourceDate "2023.10.10"]
[SourceVersion "1"]
[SourceVersionDate "2023.10.10"]
[SourceQuality "1"]

1. d4 Nf6 2. c4 e6 3. Nf3 d5 4. g3 Bb4+ 5. Bd2 Bxd2+ 6. Nbxd2 0-0 7. Bg2 b6 8. 0-0 Bb7 9. Qc2 dxc4 10. Qxc4 Nbd7 11. Rac1 Rc8 12. Rfd1 Qe7 13. Qa4 a6 14. Ne5 Bxg2 15. Nxd7 Qxd7 16. Qxd7 Nxd7 17. Kxg2 Rfd8 18. e4 Nf6 19. e5 Ng4 20. Ne4 Nh6 21. Nc3 Nf5 22. Ne2 h5 23. h3 Rd7 24. g4 hxg4 25. hxg4 Ne7 26. Kf3 Rcd8 27. Ke4 c5 28. Rd2 Nc6 29. Rcd1 Rd5 30. f4 g5 31. Ke3 cxd4+ 32. Nxd4 gxf4+ 33. Ke4 Rxe5+ 34. Kxf4 Red5 35. Ke4 Nxd4 36. Rxd4 f5+ 37. gxf5 exf5+ 38. Ke3 Rxd4 39. Rxd4 Rxd4 40. Kxd4 Kf7 41. Ke5 Kg6 42. Kf4 Kf6 43. a3 Ke6 44. b3 Kf6 45. a4 Ke6 46. b4 Kf6 47. a5 b5 48. Ke3 Ke5 49. Kf3 Kd4 50. Kf4 Kc4 51. Kxf5 Kxb4 0-1

[Event "Titled Tuesday intern op 29th Aug Early"]
[Site "Chess.com INT"]
[Date "2023.08.29"]
[Round "3"]
[White "Ziatdinov, Raset"]
[Black "Gulamirian, Korun"]
[Result "1-0"]
[WhiteElo "2081"]
[BlackElo "1816"]
[PlyCount "103"]
[EventDate "2023.08.29"]
[EventType "swiss (blitz)"]
[EventRounds "11"]
[EventCountry "USA"]
[SourceTitle "EXT 2024"]
[Source "ChessBase"]
[SourceDate "2023.10.10"]
[SourceVersion "1"]
[SourceVersionDate "2023.10.10"]
[SourceQuality "1"]

1. e4 c5 2. Nf3 e6 3. d4 cxd4 4. Nxd4 Nf6 5. Nc3 a6 6. f3 d6 7. Be3 Be7 8. g4 h6 9. Rg1 Qc7 10. Qd2 Nbd7 11. h4 Ne5 12. g5 hxg5 13. hxg5 Nfd7 14. 0-0-0 b5 15. g6 Nxg6 16. Nxe6 fxe6 17. Rxg6 Ne5 18. Rxg7 Nxf3 19. Qg2 Ne5 20. Bg5 Bxg5+ 21. Qxg5 Nf7 22. Qf6 Rf8 23. Bxb5+ axb5 24. Nxb5 Qe7 25. Nxd6+ Qxd6 26. Rxd6 Bd7 27. Rxd7 Kxd7 28. Rxf7+ Rxf7 29. Qxf7+ Kd6 30. Qf4+ Kd7 31. e5 Rxa2 32. Qd4+ Ke7 33. Qb4+ Kf7 34. Qb7+ Kg6 35. Qd7 Ra6 36. b4 Rb6 37. b5 Kf5 38. Qc6 Rb8 39. b6 Rh8 40. Qf3+ Kxe5 41. Qc3+ Kd6 42. Qxh8 Kc6 43. b7 Kb6 44. Qe5 Kxb7 45. Qxe6 Ka7 46. Qb3 Ka8 47. c4 Ka7 48. c5 Ka6 49. c6 Ka5 50. c7 Ka6 51. c8Q+ Ka5 52. Qa8# 1-0